| 000 | 00834nam a2200241 i 4500 | ||
|---|---|---|---|
| 001 | bg | ||
| 245 | 0 |
_aProjektowanie architektoniczno-budowlane = _bpodstawowe pojęcia inwestycyjne, zakres dokumentacji projektowej, podstawowe obliczenia, oznaczenia graficzne, wybór norm : poradnik inwestora, projektanta, wykonawcy. |
|
| 250 | _a[nakład 2 poszerz. i uzup.]. | ||
| 260 |
_aGdańsk : _b"Kanon", _c1998. |
||
| 300 |
_a482 s. : _brys.,wykr. ; _c21 cm. |
||
| 490 | 1 |
_aArchitektura-Budownictwo ; _v1 |
|
| 650 | 9 |
_aBudownictwo _xprojekty |
|
| 655 | _aPoradniki | ||
| 700 | 1 |
_aGOŁUCH, ADAM. _eOprac. |
|
| 830 | _aArchitektura-Budownictwo ; | ||
| 020 | _a8390451611 | ||
| 040 | _cBPK | ||
| 041 | _apol | ||
| 080 | _a624:69:006.3/.8(438) | ||
| 920 | _a83-904516-1-1 | ||
| 942 | _cKA | ||
| 008 | s pl f |000 0 pol | ||
| 999 |
_c24206 _d24206 |
||
| 856 |
_uhttp://koha.tu.koszalin.pl/cgi-bin/koha/opac-detail.pl?biblionumber=24206 _yKatalog online BPK |
||